01543naa a22003977a 4500001001000000003000900010005001700019007000300036008003400039040005400073041000900127072004300136090001800179100001900197100001600216100001700232111009000249245018100339260004000520500010700560650002100667650002400688650000900712650000900721650001400730650001200744650001500756650001100771650001500782650002600797773010400823909003600927942001400963999001900977952014900996BR7502507BR-BrBNA20240918173729.0ta230509b bl.||||| |||| 00| 0 por d aBR-BrBNAbporcBiblioteca Nacional de Agricultura a(Pt) aF21; F25b0336b9205b3920b3840bG514 aF21 BR75025071 aFreire, J.R.J.1 aKoliing, J.1 aMendes, N.G.1 a3. Reuniao Conjunta de Pesquisa da Soja RS/SCcPorto Alegre, RS (Brazil)d18 Aug 19751 aEfeito do nivel de inoculacao e da calagem sobre rendimento de graos e sobre a nodulacao da soja [Biologia do solo; Fertilidade do solo; Glycine max; Rio Grande do Sul; Brasil]3 aPorto Alegre, RS (Brasil): c1975.  aSoja, fertilidade e microbiologia do solo Porto Alegre, RS (Brasil): 1975. p. 61-67 (BR7502507-AM)F21  aBiologia do solo aFertilidade do solo asoja aGrao aRhizobium acalagem aInoculacao aNodulo aRendimento aFixacao de nitrogenio0 tSoja, fertilidade e microbiologia do solowF21 BR7502507gPorto Alegre, RS (Brasil), 1975. p. 61-67 a202404bLuciac55dLucia Elande cAM2AGRIS c306503d306503 002AGRIS40708Acervo Gerala41918b41918cAgrobasel0o0336 BR7507308r2024-05-20t01yAM10d2024-04-11ePortaria Interministerial nÂș 164/94